[Event "GER-chT U20"]
[Site "Braunschweig"]
[Date "2019.12.28"]
[Round "4.4"]
[White "Doerp, Max Marian"]
[Black "Roos, Elias"]
[Result "0-1"]
[WhiteElo "1767"]
[BlackElo "1812"]
[PlyCount "141"]
[EventDate "2019.12.27"]
[EventType "team-swiss"]
[EventRounds "7"]
[EventCountry "GER"]
[SourceTitle "CBM 194 Extra"]
[Source "ChessBase"]
[SourceDate "2020.03.31"]
[SourceVersion "1"]
[SourceVersionDate "2020.03.31"]
[SourceQuality "1"]
[WhiteTeam "Luebeck"]
[BlackTeam "Trier SG"]
[WhiteTeamCountry "GER"]
[BlackTeamCountry "GER"]

1. Nf3 c5 2. c4 Nc6 3. d4 cxd4 4. Nxd4 g6 5. e4 Bg7 6. Be3 Nf6 7. Nc3 d6 8. Be2 Bd7 9. 0-0 0-0 10. Rc1 Rc8 11. b3 Qa5 12. f3 Rfe8 13. Qd2 a6 14. Rfd1 Nxd4 15. Bxd4 b5 16. cxb5 axb5 17. Qb2 Bh6 18. Rc2 Nh5 19. Nd5 Rxc2 20. Qxc2 Nf4 21. b4 Qa4 22. Qxa4 Nxe2+ 23. Kf2 bxa4 24. Kxe2 Bb5+ 25. Kf2 Bc4 26. a3 Bb3 27. Re1 Kf8 28. Nb6 Rd8 29. g3 Bd2 30. Re2 Bc1 31. Bb2 Bxb2 32. Rxb2 Ke8 33. Rd2 Rb8 34. Nd5 Rc8 35. Ke3 Rc1 36. b5 Ra1 37. b6 Bxd5 38. Rxd5 Rxa3+ 39. Kf4 Rb3 40. Ra5 Rxb6 41. Rxa4 Rb5 42. Ra3 Kd7 43. h4 Ke6 44. Re3 Kf6 45. Ra3 h5 46. Ke3 Rb7 47. Rd3 Rd7 48. Ra3 e6 49. Rd3 Ke5 50. Ra3 d5 51. Ra5 Rb7 52. exd5 exd5 53. Ra3 Rd7 54. Ra5 Rb7 55. Ra3 Rb6 56. Ra7 f6 57. Re7+ Re6 58. Rh7 f5 59. Ra7 f4+ 60. gxf4+ Kf5+ 61. Kf2 Kxf4 62. Ra4+ Kf5 63. Kg3 Rd6 64. Rd4 Ke5 65. Ra4 d4 66. Ra5+ Rd5 67. Ra2 d3 68. Rd2 Kd4 69. Ra2 Kc3 70. Ra3+ Kb2 71. f4 0-1

[Event "SVR-ch MTB"]
[Site "Lahnstein"]
[Date "2019.04.19"]
[Round "6"]
[White "Becker, Wilhelm"]
[Black "Roos, Elias"]
[Result "0-1"]
[WhiteElo "2046"]
[BlackElo "1852"]
[PlyCount "66"]
[EventDate "2019.04.13"]
[EventType "tourn"]
[EventRounds "7"]
[EventCountry "GER"]
[SourceTitle "EXT 2021"]
[Source "ChessBase"]
[SourceDate "2020.10.23"]
[SourceVersion "1"]
[SourceVersionDate "2020.10.23"]
[SourceQuality "1"]

1. d4 d5 2. c4 e6 3. Nf3 Nf6 4. Nc3 c6 5. e3 Nbd7 6. Qc2 Bd6 7. b3 0-0 8. Bd3 dxc4 9. Bxc4 b5 10. Be2 Bb7 11. 0-0 Qc7 12. Bb2 a6 13. Rac1 Rac8 14. Qb1 Qb8 15. h3 c5 16. a3 Rfd8 17. Rfd1 cxd4 18. Nxd4 Ne5 19. f4 Ng6 20. Bf3 e5 21. fxe5 Bxf3 22. Nxf3 Nxe5 23. Nd4 Ng6 24. Qf5 Rc5 25. Qd3 Qc8 26. Qf1 Nh4 27. Rd2 Rg5 28. Rcc2 Bc5 29. Kh1 Nh5 30. Qd1 Ng3+ 31. Kg1 Bxd4 32. Rxd4 Rxd4 33. exd4 Ngf5 0-1

[Event "SVR-ch MTB"]
[Site "Lahnstein"]
[Date "2019.04.18"]
[Round "5"]
[White "Roos, Elias"]
[Black "Gebhardt, Max"]
[Result "0-1"]
[WhiteElo "1852"]
[BlackElo "2059"]
[PlyCount "80"]
[EventDate "2019.04.13"]
[EventType "tourn"]
[EventRounds "7"]
[EventCountry "GER"]
[SourceTitle "EXT 2021"]
[Source "ChessBase"]
[SourceDate "2020.10.23"]
[SourceVersion "1"]
[SourceVersionDate "2020.10.23"]
[SourceQuality "1"]

1. d4 d5 2. c4 e6 3. Nc3 Nf6 4. Bg5 Nbd7 5. Nf3 c6 6. e3 Qa5 7. Nd2 Bb4 8. Qc2 0-0 9. Be2 e5 10. dxe5 Ne4 11. Ndxe4 dxe4 12. 0-0 Bxc3 13. bxc3 Re8 14. Bf4 Nxe5 15. Qxe4 Bf5 16. Qd4 Rad8 17. Bxe5 Rxe5 18. Qh4 Re4 19. Qg3 h6 20. Rfd1 Ree8 21. Qh4 Rxd1+ 22. Rxd1 Qxa2 23. Bh5 Qa5 24. Qf4 Be6 25. Bg4 Rd8 26. Rxd8+ Qxd8 27. h3 Bxg4 28. hxg4 c5 29. Qe4 b6 30. Qb7 a5 31. Qa6 g6 32. Qb5 Qf6 33. Qb3 Qc6 34. f3 a4 35. Qb2 Qe6 36. e4 Qxc4 37. Qxb6 Qxc3 38. Qb8+ Kg7 39. e5 Qc4 40. Qb2 Qd4+ 0-1

[Event "SVR-ch MTB"]
[Site "Lahnstein"]
[Date "2019.04.13"]
[Round "2"]
[White "Buerger, Helmut1111"]
[Black "Roos, Elias"]
[Result "1-0"]
[WhiteElo "2071"]
[BlackElo "1852"]
[PlyCount "69"]
[EventDate "2019.04.13"]
[EventType "tourn"]
[EventRounds "7"]
[EventCountry "GER"]
[SourceTitle "EXT 2021"]
[Source "ChessBase"]
[SourceDate "2020.10.23"]
[SourceVersion "1"]
[SourceVersionDate "2020.10.23"]
[SourceQuality "1"]

1. e4 c5 2. Nf3 d6 3. d4 cxd4 4. Nxd4 Nf6 5. f3 Nc6 6. c4 g6 7. Be3 Bg7 8. Nc3 Bd7 9. Be2 Rc8 10. Rc1 Ne5 11. Qb3 Qa5 12. 0-0 0-0 13. h3 Nc6 14. Ndb5 Nh5 15. Kh2 a6 16. Na3 Nd4 17. Qd1 Nxe2 18. Qxe2 Nf6 19. Rc2 b5 20. cxb5 axb5 21. Rfc1 b4 22. Nc4 Qa6 23. Nb6 Qxe2 24. Nxe2 Rxc2 25. Rxc2 Bb5 26. Nd4 Bd3 27. Rd2 Ba6 28. b3 Nh5 29. Nc6 Re8 30. Nd5 Bb7 31. Ndxb4 Bf6 32. Rc2 Rc8 33. g4 Ng7 34. g5 Be5+ 35. f4 1-0

[Event "SVR-ch MT-B"]
[Site "Hennweiler"]
[Date "2018.03.25"]
[Round "3"]
[White "Roos, Elias"]
[Black "Buhr, Patrick"]
[Result "1/2-1/2"]
[WhiteElo "1842"]
[BlackElo "1785"]
[PlyCount "51"]
[EventDate "2018.03.24"]
[EventType "tourn"]
[EventRounds "7"]
[EventCountry "GER"]
[SourceTitle "EXT 2020"]
[Source "ChessBase"]
[SourceDate "2019.10.17"]
[SourceVersion "1"]
[SourceVersionDate "2019.10.17"]
[SourceQuality "1"]

1. d4 d5 2. c4 c6 3. Nc3 Nf6 4. Nf3 dxc4 5. a4 Bf5 6. e3 e6 7. Bxc4 Nbd7 8. 0-0 Be7 9. Re1 0-0 10. e4 Bg6 11. Bf4 Nb6 12. Ba2 Bb4 13. Bg5 h6 14. Bh4 Be7 15. Ne5 Bh7 16. a5 Nbd7 17. a6 Nxe5 18. axb7 Nf3+ 19. Qxf3 Rb8 20. e5 Nd5 21. Bxd5 cxd5 22. Bxe7 Qxe7 23. Rxa7 Rxb7 24. Rxb7 Qxb7 25. Na4 Bc2 26. b3 1/2-1/2

[Event "SVR-ch MAT"]
[Site "Heimbach Weis"]
[Date "2017.04.13"]
[Round "7"]
[White "Zirwes, Hans Juergen"]
[Black "Roos, Elias"]
[Result "1/2-1/2"]
[WhiteElo "1824"]
[BlackElo "1691"]
[PlyCount "104"]
[EventDate "2017.04.07"]
[EventType "tourn"]
[EventRounds "9"]
[EventCountry "GER"]
[SourceTitle "EXT 2020"]
[Source "ChessBase"]
[SourceDate "2019.10.17"]
[SourceVersion "1"]
[SourceVersionDate "2019.10.17"]
[SourceQuality "1"]

1. d4 d5 2. c4 c6 3. Nc3 Nf6 4. Nf3 e6 5. Bf4 dxc4 6. e3 b5 7. Be2 Bb7 8. 0-0 Nbd7 9. Qc2 a6 10. Rad1 Qb6 11. e4 Be7 12. h3 0-0 13. Rd2 Rfd8 14. Rfd1 Nf8 15. Bf1 Ng6 16. Be3 Qc7 17. g3 Rd7 18. e5 Nd5 19. Nxd5 cxd5 20. Rc1 Rc8 21. Qd1 b4 22. Rdc2 Qa5 23. b3 c3 24. Bd3 Bc6 25. Ne1 Bb5 26. f4 Bxd3 27. Qxd3 Qb5 28. g4 Qxd3 29. Nxd3 Rdc7 30. Kg2 a5 31. Rf1 Nh4+ 32. Kg3 f5 33. g5 Ng6 34. h4 Nf8 35. h5 Ra8 36. Rb1 Nd7 37. Kf3 Rca7 38. a4 bxa3 39. Rxc3 Rb8 40. Ra1 a4 41. b4 Bxb4 42. Nxb4 Rxb4 43. Raxa3 Nb6 44. Ra1 Nc4 45. Bc1 Rab7 46. Ke2 Rb3 47. Rxc4 dxc4 48. Rxa4 Rc7 49. Ra8+ Kf7 50. Ba3 Rxa3 51. Rxa3 c3 52. Ra1 c2 1/2-1/2

[Event "SVR-ch MAT"]
[Site "Heimbach Weis"]
[Date "2017.04.09"]
[Round "4"]
[White "Mallmann, Bernd"]
[Black "Roos, Elias"]
[Result "0-1"]
[WhiteElo "1912"]
[BlackElo "1691"]
[PlyCount "132"]
[EventDate "2017.04.07"]
[EventType "tourn"]
[EventRounds "9"]
[EventCountry "GER"]
[SourceTitle "EXT 2020"]
[Source "ChessBase"]
[SourceDate "2019.10.17"]
[SourceVersion "1"]
[SourceVersionDate "2019.10.17"]
[SourceQuality "1"]

1. Nf3 c5 2. b3 Nc6 3. Bb2 Nf6 4. c4 e6 5. e3 d5 6. Be2 Be7 7. 0-0 0-0 8. d4 b6 9. Nbd2 Ba6 10. cxd5 Bxe2 11. Qxe2 Nxd5 12. Nc4 cxd4 13. Nxd4 Nxd4 14. Bxd4 Bf6 15. Qg4 b5 16. Ne5 Qd6 17. Qg3 Rfd8 18. Rac1 Ne7 19. Bc5 Nf5 20. Bxd6 Nxg3 21. hxg3 Rxd6 22. Rc5 b4 23. Nc6 a5 24. Nxa5 Kf8 25. Rfc1 Bc3 26. Rc2 Rda6 27. Nc4 Rxa2 28. Rxa2 Rxa2 29. Rc7 Ra1+ 30. Kh2 Rb1 31. Na5 Rb2 32. f3 f5 33. Rc4 Kf7 34. g4 Be5+ 35. f4 Bc3 36. gxf5 exf5 37. e4 Ke6 38. Rc6+ Kd7 39. e5 g5 40. e6+ Ke8 41. fxg5 Re2 42. Nc4 Ke7 43. Rc7+ Kxe6 44. Rxh7 Re4 45. Rh6+ Ke7 46. Kh3 Rg4 47. Rh7+ Ke6 48. Rh6+ Ke7 49. Rh5 Kf7 50. Ne3 Kg6 51. Rh4 Rxg5 52. Nd5 Kf7 53. Nxb4 Be1 54. Nc2 Bxh4 55. Kxh4 Rg8 56. Kh3 Ke6 57. g3 Kd5 58. Ne3+ Ke4 59. Nc4 Rb8 60. g4 Rh8+ 61. Kg3 f4+ 62. Kf2 Rh2+ 63. Kg1 Rc2 64. g5 Kf3 65. g6 Kg3 66. Kf1 f3 0-1

[Event "GER-ch U25-A"]
[Site "Willingen"]
[Date "2016.05.19"]
[Round "7"]
[White "Roos, Elias"]
[Black "Riegel, Arinna"]
[Result "0-1"]
[WhiteElo "1722"]
[BlackElo "1695"]
[PlyCount "114"]
[EventDate "2016.05.15"]
[EventType "swiss"]
[EventRounds "9"]
[EventCountry "GER"]
[SourceTitle "CBM 172 Extra"]
[Source "ChessBase"]
[SourceDate "2016.06.21"]
[SourceVersion "1"]
[SourceVersionDate "2016.06.21"]
[SourceQuality "1"]

1. d4 d5 2. c4 e6 3. Nc3 Nf6 4. cxd5 exd5 5. Bg5 Be7 6. e3 c6 7. Bd3 Be6 8. Nge2 h6 9. Bh4 Qc8 10. 0-0 Bf5 11. Bxf5 Qxf5 12. Qb3 Qc8 13. Rac1 Nbd7 14. Bg3 Nb6 15. Qc2 Qd7 16. f3 Nc4 17. Bf2 0-0 18. e4 dxe4 19. fxe4 Ng4 20. Qd3 Nxb2 21. Qh3 Rad8 22. Bh4 Bxh4 23. Qxh4 Nc4 24. h3 Nf6 25. e5 Nd5 26. Ne4 Nce3 27. Rf3 Nf5 28. Qf2 Nfe7 29. Rf1 Ng6 30. Qg3 Qe7 31. Nd6 Rxd6 32. exd6 Qxe2 33. Ra3 Qe4 34. Rxa7 Qxd4+ 35. Qf2 Qxf2+ 36. Rxf2 b6 37. Rc2 Ne5 38. Re2 f6 39. Rc2 Rd8 40. d7 Kf8 41. a4 Ke7 42. a5 bxa5 43. Rxa5 Rxd7 44. Rca2 Nc3 45. Ra1 Nb5 46. Re1 Rd2 47. Ra6 Kf7 48. Rb6 Rd7 49. Kh2 Nd4 50. Kg3 Nf5+ 51. Kh2 c5 52. Reb1 Rd2 53. Rb7+ Kg6 54. Kg1 c4 55. Rc7 Ne3 56. Re1 Nf5 57. g4 Nf3+ 0-1

[Event "GER-ch U25-A"]
[Site "Willingen"]
[Date "2016.05.17"]
[Round "5"]
[White "Roos, Elias"]
[Black "Wensing, Maximilian"]
[Result "0-1"]
[WhiteElo "1722"]
[BlackElo "1814"]
[PlyCount "64"]
[EventDate "2016.05.15"]
[EventType "swiss"]
[EventRounds "9"]
[EventCountry "GER"]
[SourceTitle "CBM 172 Extra"]
[Source "ChessBase"]
[SourceDate "2016.06.21"]
[SourceVersion "1"]
[SourceVersionDate "2016.06.21"]
[SourceQuality "1"]

1. e4 c5 2. Nf3 d6 3. d4 cxd4 4. Nxd4 Nf6 5. Nc3 a6 6. Bg5 e6 7. f4 Be7 8. Qf3 Nbd7 9. 0-0-0 Qc7 10. g4 h6 11. Bh4 g5 12. fxg5 Ne5 13. Qe2 Nfxg4 14. Bh3 hxg5 15. Bxg4 Rxh4 16. h3 Bd7 17. Rhf1 0-0-0 18. Nf3 Rh7 19. Nxe5 dxe5 20. Rd3 Kb8 21. Bh5 f6 22. Bg4 Bc8 23. Nd1 Rxd3 24. Qxd3 Bd8 25. Qb3 Qc6 26. Qe3 Rd7 27. Nf2 Qc4 28. Nd3 Qxa2 29. Kd2 Qxb2 30. Bxe6 Ba5+ 31. Kd1 Qb1+ 32. Qc1 Rxd3+ 0-1

[Event "SVR-op"]
[Site "Trier"]
[Date "2016.03.26"]
[Round "7"]
[White "Roos, Elias"]
[Black "Lex, Gereon"]
[Result "1-0"]
[WhiteElo "1722"]
[BlackElo "1743"]
[PlyCount "79"]
[EventDate "2016.03.19"]
[EventType "swiss"]
[EventRounds "7"]
[EventCountry "GER"]
[SourceTitle "CBM 171 Extra"]
[Source "ChessBase"]
[SourceDate "2016.04.26"]
[SourceVersion "1"]
[SourceVersionDate "2016.04.26"]
[SourceQuality "1"]

1. e4 c5 2. Nf3 Nc6 3. d4 cxd4 4. Nxd4 g6 5. Nc3 Bg7 6. Be3 a6 7. Bc4 d6 8. Qd2 Nf6 9. f3 Qc7 10. Bb3 e6 11. 0-0-0 0-0 12. Nxc6 bxc6 13. Qxd6 Qb7 14. g4 a5 15. Na4 Nd7 16. Bd4 e5 17. Be3 Qb5 18. Nc3 Qb7 19. Na4 Qb5 20. c4 Qb7 21. h4 Re8 22. h5 Bf8 23. Qd2 Nf6 24. Bg5 Bg7 25. hxg6 fxg6 26. Qd6 Be6 27. Nc5 Qf7 28. Bxf6 a4 29. Bxg7 axb3 30. axb3 Bxc4 31. Bxe5 Bxb3 32. Nxb3 Qxb3 33. Qf6 Ra1+ 34. Kd2 Ra7 35. Qh8+ Kf7 36. Qf6+ Kg8 37. Qh8+ Kf7 38. Rxh7+ Ke6 39. Qxe8+ Re7 40. Qxe7# 1-0

[Event "SVR-op"]
[Site "Trier"]
[Date "2016.03.19"]
[Round "1"]
[White "Roos, Elias"]
[Black "Berg, Nils"]
[Result "1-0"]
[WhiteElo "1722"]
[BlackElo "1141"]
[PlyCount "61"]
[EventDate "2016.03.19"]
[EventType "swiss"]
[EventRounds "7"]
[EventCountry "GER"]
[SourceTitle "CBM 171 Extra"]
[Source "ChessBase"]
[SourceDate "2016.04.26"]
[SourceVersion "1"]
[SourceVersionDate "2016.04.26"]
[SourceQuality "1"]

1. e4 c6 2. Nc3 d5 3. Nf3 dxe4 4. Nxe4 Bf5 5. Nc3 Bg6 6. h4 h6 7. Ne5 Bh7 8. Qh5 g6 9. Bc4 e6 10. Qe2 Qe7 11. d3 Bg7 12. Bf4 Nd7 13. 0-0-0 Nxe5 14. Bxe5 Bxe5 15. Qxe5 Qf6 16. Qc7 Qe7 17. Qe5 Qf6 18. Qe3 Ne7 19. Ne4 Qe5 20. f4 Nf5 21. Qd2 Qg7 22. g4 Ne7 23. Nd6+ Kd7 24. Ne4 Kc8 25. g5 Kc7 26. Qh2 Nf5 27. Nf6 Bg8 28. Qf2 Nd6 29. Qd4 Nf5 30. Qe5+ Kb6 31. Nd7# 1-0

[Event "Wiesbaden op 26th"]
[Site "Wiesbaden"]
[Date "2014.08.29"]
[Round "3"]
[White "Roos, Elias"]
[Black "Eg, Karlheinz"]
[Result "0-1"]
[WhiteElo "1648"]
[BlackElo "1896"]
[PlyCount "92"]
[EventDate "2014.08.28"]
[EventType "swiss"]
[EventRounds "7"]
[EventCountry "GER"]
[SourceTitle "CBM 162 Extra"]
[Source "ChessBase"]
[SourceDate "2014.10.17"]
[SourceVersion "1"]
[SourceVersionDate "2014.10.17"]
[SourceQuality "1"]

1. e4 e5 2. Nf3 Nc6 3. Bb5 a6 4. Ba4 Nf6 5. 0-0 Be7 6. Re1 b5 7. Bb3 0-0 8. c3 d6 9. h3 Na5 10. Bc2 c5 11. d4 Qc7 12. Nbd2 Rd8 13. d5 c4 14. Nf1 Nb7 15. N3h2 Nc5 16. Ng4 Nfxe4 17. Bxe4 Nxe4 18. Nh6+ gxh6 19. Rxe4 f5 20. Re1 Bg5 21. Ng3 Qf7 22. Qc2 Rf8 23. Rd1 Bb7 24. Bxg5 hxg5 25. Qd2 h6 26. a4 Qg6 27. Nf1 f4 28. Nh2 h5 29. Qe2 Kh7 30. f3 Kh6 31. Qf2 Qf7 32. Qb6 Qd7 33. a5 Rac8 34. Qf2 Rc5 35. h4 g4 36. fxg4 hxg4 37. Qe2 Rg8 38. Nf1 Bxd5 39. Qd2 Kh5 40. g3 Qf7 41. Rac1 Ba8 42. Qxd6 Qb7 43. Kf2 Qf3+ 44. Ke1 Qe4+ 45. Kf2 Rcc8 46. Qf6 Rcf8 0-1

[Event "Karl Mala Memorial op-A 16th"]
[Site "Frankfurt"]
[Date "2013.07.12"]
[Round "3"]
[White "Traut, Stefan"]
[Black "Roos, Elias"]
[Result "1/2-1/2"]
[WhiteElo "1775"]
[BlackElo "1423"]
[PlyCount "29"]
[EventDate "2013.07.11"]
[EventType "swiss"]
[EventRounds "7"]
[EventCountry "GER"]
[SourceTitle "EXT 2014"]
[Source "ChessBase"]
[SourceDate "2013.11.20"]
[SourceVersion "1"]
[SourceVersionDate "2013.11.20"]
[SourceQuality "1"]

1. d4 d5 2. Nf3 Nf6 3. c4 c6 4. e3 e6 5. Be2 Nbd7 6. 0-0 Bd6 7. b3 0-0 8. Bb2 Re8 9. Nc3 b6 10. Qc2 Bb7 11. Rac1 Rc8 12. Qb1 Nf8 13. e4 dxe4 14. Nxe4 Bb8 15. Rfd1 1/2-1/2

[Event "Rheinland Pfalz op 5th"]
[Site "Worms"]
[Date "2013.06.02"]
[Round "7"]
[White "Roos, Elias"]
[Black "Wenzke, Elias"]
[Result "0-1"]
[WhiteElo "1356"]
[BlackElo "1528"]
[PlyCount "66"]
[EventDate "2013.05.30"]
[EventType "swiss"]
[EventRounds "7"]
[EventCountry "GER"]
[SourceTitle "EXT 2014"]
[Source "ChessBase"]
[SourceDate "2013.11.20"]
[SourceVersion "1"]
[SourceVersionDate "2013.11.20"]
[SourceQuality "1"]

1. e4 e5 2. Nf3 Nc6 3. Bb5 a6 4. Ba4 Nf6 5. 0-0 d6 6. h3 Nxe4 7. d4 b5 8. Bb3 Nf6 9. dxe5 dxe5 10. Qxd8+ Kxd8 11. Bxf7 Bd6 12. Be3 Bb7 13. Nbd2 h6 14. Rad1 Ke7 15. Bg6 Nd5 16. c3 Nxe3 17. fxe3 Bc5 18. Kf2 Rad8 19. Nb3 Bb6 20. Ke2 Rxd1 21. Rxd1 Kf6 22. Bc2 Rd8 23. Rf1 Ke6 24. Nh4 Ne7 25. Nf3 Nd5 26. Rd1 c6 27. e4 Nf4+ 28. Kf1 Rxd1+ 29. Bxd1 Nd3 30. Be2 Nxb2 31. Nh4 Kf6 32. Nd2 Na4 33. c4 Nc3 0-1

[Event "Rheinland Pfalz op 5th"]
[Site "Worms"]
[Date "2013.05.30"]
[Round "1"]
[White "Roos, Elias"]
[Black "Hahmann, Markus"]
[Result "1/2-1/2"]
[WhiteElo "1356"]
[BlackElo "1932"]
[PlyCount "35"]
[EventDate "2013.05.30"]
[EventType "swiss"]
[EventRounds "7"]
[EventCountry "GER"]
[SourceTitle "EXT 2014"]
[Source "ChessBase"]
[SourceDate "2013.11.20"]
[SourceVersion "1"]
[SourceVersionDate "2013.11.20"]
[SourceQuality "1"]

1. e4 c5 2. Nf3 a6 3. d4 cxd4 4. Nxd4 Nf6 5. Nc3 e5 6. Nf3 Bb4 7. Nxe5 Qc7 8. Nd3 Bxc3+ 9. bxc3 Nxe4 10. Bb2 0-0 11. Be2 Nxc3 12. Qd2 Nxe2 13. Kxe2 d5 14. Rhe1 Nc6 15. Bxg7 Kxg7 16. Qg5+ Kh8 17. Qf6+ Kg8 18. Qg5+ 1/2-1/2